00766nam a22002297a 450000500170000001000130001702000230003003500130005303700160006604000120008208200130009410000310010724500590013826000530019727000380025030000200028865000220030865000410033094200220037199900190039395201240041220170124110001.0 aA-858728 c180.00a8186651144 aA-858728 bCen Lib/Ret aDPLbEN a301bBHA aBhatnagar, Vimal Rai99429 aSociology :cby Vimal Rai Bhatnagar bquestions bank / aNew Delhi bDhillon Group Of Publications c1997 bNew Delhi aE-84, kalkajie110019 a472p.c23cm(Hb) aSociology 915839 aExercise, question paper etc 915840 2ddccENh301mBHA c125875d125875 00104070aLbLd2015-06-23eCen Lib/Retg180.00l0o301 BHApA-858728r2015-06-23 00:00:00t1v180.00w2015-06-23yEN